000
00294nam a2200121Ia 4500
008
190216s9999||||xx |||||||||||||| ||und||
100
_a
Alexandre Dumas
245
4
_a
The Count Of Monte Cristo
260
_b
S Chand & Co
_c
1990
300
_a
130
650
_a
English Short Stories
942
_c
BK
999
_c
13482
_d
13482